| 000 | 00661nam a2200217 i 4500 | ||
|---|---|---|---|
| 001 | 79952 | ||
| 003 | ES-MaACL | ||
| 005 | 20250930063102.0 | ||
| 007 | t| | ||
| 008 | 041025s1950 sp ||||1| spa d | ||
| 100 | 1 |
_aHesse, Hermann, _d1877-1962 _963472 |
|
| 245 | 1 | 0 |
_aEnsueños / _cHermann Hesse ; [versión española de Alfonso Pinto]. |
| 250 | _a[1ª ed.]. | ||
| 260 |
_aBarcelona : _bLuis de Caralt, _c[1950] ( _fLa Polígrafa) |
||
| 300 |
_a154 p. ; _c19 cm. |
||
| 490 | 1 | _aLa torre de marfil | |
| 600 | 0 | 4 |
_aPintó, Alfonso. _992214 |
| 830 | 0 |
_aLa torre de marfil _9181375 |
|
| 852 |
_aES-MaACL _jD-5494 _bR.30632 |
||
| 999 |
_c79952 _d79952 |
||